[Event "BSenEM 2014"]
[Site "Berlin"]
[Date "2014.02.03"]
[Round "5.2"]
[White "Reichenbach, Werner"]
[Black "Shapiro, Yosip"]
[Result "1-0"]
[WhiteElo "2183"]
[BlackElo "2005"]
[Annotator "Jaeger,André"]
[PlyCount "81"]
[EventDate "2014.01.30"]
[WhiteTeam "SC Oberkrämer"]
[BlackTeam "SV Berolina Mitte e.V."]

1. e4 c6 2. d4 d5 3. e5 Bf5 4. Nf3 e6 5. Be2 Nd7 6. O-O Ne7 7. c4 Bg6 8. Nc3
Nf5 9. cxd5 cxd5 10. Qb3 Rb8 11. Bd2 Be7 12. h3 O-O 13. a4 b6 14. Bf4 h6 15.
Bb5 Rc8 16. Ba6 Ra8 17. Rfe1 Kh8 18. Qd1 Bb4 19. Qd2 Bh7 20. Rac1 Rg8 21. Bh2
Nh4 22. Nxh4 Qxh4 23. Bg3 Qe7 24. Qe3 Rad8 25. f3 Nc5 26. Qe2 Nb3 27. Rcd1 Bxc3
28. bxc3 Na5 29. Qb2 Qc7 30. Bh4 g5 31. Bf2 Nc4 32. Qb4 Rgf8 33. h4 Rde8 34.
hxg5 hxg5 35. Bb5 Rc8 36. Ba6 Rcd8 37. Bxc4 Qxc4 38. Qe7 Bg6 39. Qf6+ Kh7 40.
Be3 Rd7 41. Kf2 1-0

[Event "BSenEM 2014"]
[Site "Berlin"]
[Date "2014.02.03"]
[Round "5.3"]
[White "Petkov, Peter"]
[Black "Jaeger, Andre"]
[Result "1/2-1/2"]
[WhiteElo "1857"]
[BlackElo "1936"]
[Annotator "Jaeger,André"]
[PlyCount "25"]
[EventDate "2014.01.30"]
[WhiteTeam "SV Bau-Union e.V."]
[BlackTeam "SC Rochade e.V."]

1. e4 c5 2. Nf3 Nc6 3. Bb5 Nf6 4. Nc3 Qc7 5. O-O Nd4 6. Be2 Ng4 7. g3 Nxe2+ 8.
Qxe2 d6 9. d4 cxd4 10. Nxd4 e5 11. Nf5 Bxf5 12. exf5 h5 13. Qb5+ 1/2-1/2

[Event "BSenEM 2014"]
[Site "Berlin"]
[Date "2014.02.03"]
[Round "5.4"]
[White "Meissner, Hans Juergen"]
[Black "Simon, Ralf Axel"]
[Result "0-1"]
[WhiteElo "2110"]
[BlackElo "2190"]
[Annotator "Jaeger,André"]
[PlyCount "66"]
[EventDate "2014.01.30"]
[WhiteTeam "SV Empor Berlin e.V."]
[BlackTeam "TSG Neuruppin"]

1. e4 c5 2. Nf3 e6 3. d4 cxd4 4. Nxd4 Nc6 5. Nc3 Qc7 6. Be3 Nf6 7. Qd2 a6 8.
O-O-O Be7 9. Kb1 d6 10. f3 h5 11. h4 Bd7 12. Qf2 Ne5 13. Nb3 b5 14. Bb6 Qb8 15.
a3 O-O 16. Be2 Rc8 17. Na5 Be8 18. Na2 Ned7 19. Bd4 Qc7 20. Bc3 d5 21. Bd3 dxe4
22. fxe4 Nc5 23. Qe2 e5 24. Rdf1 Bd7 25. Bb4 Be6 26. Nc1 Rd8 27. Rxf6 gxf6 28.
Qxh5 Nxd3 29. Bxe7 Rac8 30. Nxd3 Qxc2+ 31. Ka1 Rxd3 32. Rb1 Rg3 33. Bxf6 Rxa3+
0-1

[Event "BSenEM 2014"]
[Site "Berlin"]
[Date "2014.02.03"]
[Round "5.5"]
[White "Rahls, Peter"]
[Black "Hoppensack, Manfred"]
[Result "1-0"]
[WhiteElo "2169"]
[BlackElo "1847"]
[Annotator "Jaeger,André"]
[PlyCount "77"]
[EventDate "2014.01.30"]
[WhiteTeam "SK Zehlendorf e.V."]
[BlackTeam "SC Friesen Lichtenberg e.V."]

1. e4 e6 2. d4 d5 3. e5 c5 4. c3 Nc6 5. Nf3 Qb6 6. a3 Bd7 7. b4 cxd4 8. cxd4
Rc8 9. Be3 Nce7 10. Bd3 Bb5 11. O-O Nf5 12. Bxb5+ Qxb5 13. Qb3 Nge7 14. Nc3 Qd3
15. Qa4+ {(=)} Nc6 16. Rac1 Nxe3 17. fxe3 Be7 18. b5 Nd8 19. b6+ Nc6 20. bxa7
O-O 21. Nb5 Qxe3+ 22. Kh1 Qe2 23. Rfe1 Qb2 24. Rc2 Qxc2 25. Qxc2 Nxa7 26. Qb3
Nxb5 27. Qxb5 Bxa3 28. Qxb7 Rc1 29. Rxc1 Bxc1 30. g3 Bh6 31. Kg2 g6 32. h4 Bg7
33. Nh2 h6 34. Ng4 h5 35. Nf2 Bh6 36. Kf3 Kg7 37. Nd3 Kg8 38. Nc5 Kg7 39. Nxe6+
1-0

[Event "BSenEM 2014"]
[Site "Berlin"]
[Date "2014.02.03"]
[Round "5.6"]
[White "Witte, Manfred"]
[Black "Fieguth, Bernd"]
[Result "1-0"]
[WhiteElo "2140"]
[BlackElo "1842"]
[Annotator "Jaeger,André"]
[PlyCount "69"]
[EventDate "2014.01.30"]
[WhiteTeam "VfB Hermsdorf e.V."]
[BlackTeam "SF Friedrichshagen"]

1. e4 e5 2. Nf3 Nf6 3. Nc3 Nc6 4. d4 exd4 5. Nd5 Nb4 6. Nxf6+ Qxf6 7. Bc4 Bc5
8. O-O O-O 9. e5 Qg6 10. a3 Nc6 11. b4 Bb6 12. Nh4 Qe4 13. Bg5 d5 14. Re1 Qg4
15. Qxg4 Bxg4 16. Bxd5 Be6 17. Bxe6 fxe6 18. Nf3 h6 19. Bd2 Ne7 20. Rad1 Rad8
21. a4 a6 22. Re4 Rd5 23. Ne1 Rf5 24. Nd3 g5 25. h4 Ng6 26. g4 Rfxe5 27. Nxe5
Nxe5 28. Kg2 c5 29. Rc1 Nc4 30. Rxe6 Nxd2 31. Rxb6 c4 32. Rxb7 Rd8 33. hxg5
hxg5 34. Re7 d3 35. cxd3 1-0

[Event "BSenEM 2014"]
[Site "Berlin"]
[Date "2014.02.03"]
[Round "5.7"]
[White "Maetzing, Hans Dieter"]
[Black "Grottke, Hans Joachim"]
[Result "0-1"]
[WhiteElo "1843"]
[BlackElo "2110"]
[Annotator "Jaeger,André"]
[PlyCount "60"]
[EventDate "2014.01.30"]
[WhiteTeam "SG Narva Berlin e.V."]
[BlackTeam "SC Empor Potsdam 1952 e.V."]

1. Nc3 d5 2. e4 e6 3. d3 c5 4. g3 Nc6 5. Bg2 Nf6 6. Qe2 Nd4 7. Qd1 dxe4 8. Nxe4
Be7 9. Nxf6+ Bxf6 10. c3 Nf5 11. g4 Nh4 12. Be4 Qc7 13. Ne2 Bd7 14. Ng3 Bc6 15.
Qe2 O-O-O 16. Be3 Bxe4 17. Nxe4 Ng2+ 18. Kd1 Qc6 19. Ng3 c4 20. d4 e5 21. Kc2
exd4 22. Bxd4 Bxd4 23. cxd4 Rxd4 24. Nf5 Qg6 25. f3 Nh4 26. Kc3 Nxf5 27. gxf5
Qf6 28. Kb4 c3+ 29. Kb3 Qb6+ 30. Kxc3 Qc5+ 0-1

[Event "BSenEM 2014"]
[Site "Berlin"]
[Date "2014.02.03"]
[Round "5.8"]
[White "Scheide, Helmut"]
[Black "Albrecht, Rainer"]
[Result "1/2-1/2"]
[WhiteElo "1835"]
[BlackElo "2083"]
[Annotator "Jaeger,André"]
[PlyCount "32"]
[EventDate "2014.01.30"]
[WhiteTeam "USV Potsdam e.V., Abt. Schach"]
[BlackTeam "SC Kreuzberg e.V."]

1. d4 e6 2. c4 f5 3. Nf3 Nf6 4. g3 Be7 5. Bg2 O-O 6. O-O d6 7. Nc3 Ne4 8. Ne1
Nxc3 9. bxc3 c6 10. e4 e5 11. Nd3 Bf6 12. Be3 Be6 13. d5 Bc8 14. dxc6 {(=)}
bxc6 15. exf5 Bxf5 16. Nb4 e4 {(=)} 1/2-1/2

[Event "BSenEM 2014"]
[Site "Berlin"]
[Date "2014.02.03"]
[Round "5.9"]
[White "Hohn, August"]
[Black "Welz, Peter"]
[Result "1/2-1/2"]
[WhiteElo "1824"]
[BlackElo "2025"]
[Annotator "Jaeger,André"]
[PlyCount "83"]
[EventDate "2014.01.30"]
[WhiteTeam "SC Zugzwang 95 e.V."]
[BlackTeam "SV Empor Berlin e.V."]

1. c4 f5 2. Nf3 Nf6 3. Nc3 d6 4. d4 g6 5. g3 Bg7 6. Bg2 O-O 7. O-O Nc6 8. d5
Ne5 9. Nxe5 dxe5 10. e4 f4 11. gxf4 exf4 12. e5 Ng4 13. e6 Ne5 14. Bf3 Nxc4 15.
Qe2 Ne5 16. Rd1 a6 17. Ne4 h6 18. h3 Nxf3+ 19. Qxf3 g5 20. Rb1 Qe8 21. b3 c6
22. Nc5 cxd5 23. Nd7 Bxd7 24. exd7 Qxd7 25. Rxd5 Qe6 26. Ba3 Rad8 27. Rbd1 Rxd5
28. Rxd5 b5 29. Kg2 Rc8 30. Bc5 Bf6 31. b4 Kg7 32. Rd1 Qc6 33. Rd5 e6 34. Rd6
Qxf3+ 35. Kxf3 Rd8 36. Rxa6 Rd3+ 37. Ke4 Rxh3 38. Rxe6 Ra3 39. Kf5 Ba1 40. Re7+
Kg8 41. Re8+ Kf7 42. Re7+ 1/2-1/2

[Event "BSenEM 2014"]
[Site "Berlin"]
[Date "2014.02.03"]
[Round "5.10"]
[White "Pueschel, Werner"]
[Black "Schmidt, Dietrich"]
[Result "1-0"]
[WhiteElo "2008"]
[BlackElo "1824"]
[Annotator "Jaeger,André"]
[PlyCount "69"]
[EventDate "2014.01.30"]
[WhiteTeam "SG Lasker Steglitz-Wilmersdorf"]
[BlackTeam "SV Empor Berlin e.V."]

1. e4 c6 2. d4 d5 3. exd5 cxd5 4. Bd3 Nc6 5. c3 Nf6 6. h3 e5 7. dxe5 Nxe5 8.
Nf3 Nxd3+ 9. Qxd3 Bd6 10. O-O O-O 11. Be3 b6 12. Re1 Re8 13. Nbd2 Bb7 14. Bg5
h6 15. Rxe8+ Qxe8 16. Bxf6 gxf6 17. Re1 Qd7 18. Qe3 Kh7 19. Nd4 Rg8 20. N2f3
Bc8 21. Kh1 Rg6 22. Nh4 Rg5 23. Ndf3 Rg8 24. Qd3+ Kh8 25. Qxd5 Bb7 26. Qh5 Bf4
27. Nf5 Kh7 28. N5d4 Rg6 29. Qf5 Qc7 30. Nh4 Be5 31. Nxg6 fxg6 32. Qe6 Bc8 33.
Qc6 Qd8 34. f4 Bxf4 35. Re8 1-0

[Event "BSenEM 2014"]
[Site "Berlin"]
[Date "2014.02.03"]
[Round "5.11"]
[White "Keusch, Horst"]
[Black "Dombrowsky, Michael"]
[Result "1/2-1/2"]
[WhiteElo "1819"]
[BlackElo "1981"]
[Annotator "Jaeger,André"]
[PlyCount "51"]
[EventDate "2014.01.30"]
[WhiteTeam "SC Friesen Lichtenberg e.V."]
[BlackTeam "Bergstedter SK von 1962"]

1. f4 b6 2. Nf3 Bb7 3. e3 e6 4. b3 Be7 5. Bb2 Bf6 6. Nc3 d5 7. d4 Be7 8. Bd3
Nf6 9. O-O O-O 10. Ne5 Ne4 11. Qg4 f5 12. Qe2 a6 13. Na4 b5 14. Bxe4 bxa4 15.
Bd3 Nd7 16. Nxd7 Qxd7 17. a3 Rfb8 18. b4 Qc8 19. Bc3 Bc6 20. Bd2 Qd7 21. Rac1
a5 22. c3 Bb5 23. Rf3 Ra6 24. Rff1 Bxd3 25. Qxd3 Rc6 26. Rb1 {(=)} 1/2-1/2

[Event "BSenEM 2014"]
[Site "Berlin"]
[Date "2014.02.03"]
[Round "5.12"]
[White "Schulz, Wolfgang"]
[Black "Mayer, Herbert"]
[Result "1-0"]
[WhiteElo "1954"]
[BlackElo "1777"]
[Annotator "Jaeger,André"]
[PlyCount "79"]
[EventDate "2014.01.30"]
[WhiteTeam "Hamburger SK von 1830 eV"]
[BlackTeam "SC Rochade e.V."]

1. e4 c5 2. Nf3 a6 3. d3 d5 4. Nbd2 Bg4 5. Be2 e6 6. O-O Ne7 7. h3 Bxf3 8. Bxf3
d4 9. g3 Nec6 10. Bg2 Qc7 11. f4 Nd7 12. Qe2 e5 13. Nf3 O-O-O 14. c4 f6 15. Bd2
Bd6 16. Nh4 Ne7 17. a3 exf4 18. gxf4 Ng6 19. Nxg6 hxg6 20. b4 Rh4 21. Qf2 Rdh8
22. Rab1 b6 {(=)} 23. Qf3 Rf8 24. bxc5 Bxc5 25. Bb4 Rfh8 26. Be1 R4h6 27. a4 a5
28. e5 fxe5 {(=)} 29. fxe5 Rf8 30. Qa8+ Nb8 31. Bd2 Rxf1+ 32. Rxf1 Rh5 33. e6
Rf5 34. Re1 Be7 35. Qe4 Kd8 36. Rf1 Rxf1+ 37. Kxf1 Qc5 38. Bf4 Qc8 39. Qxd4+
Ke8 40. Qxb6 1-0

[Event "BSenEM 2014"]
[Site "Berlin"]
[Date "2014.02.03"]
[Round "5.13"]
[White "Barwich, Alfred"]
[Black "Fleischer, Matthias"]
[Result "1-0"]
[WhiteElo "1893"]
[BlackElo "1757"]
[Annotator "Jaeger,André"]
[PlyCount "49"]
[EventDate "2014.01.30"]
[WhiteTeam "SV Berolina Mitte e.V."]
[BlackTeam "SV Einheit Schwerin"]

1. d4 d5 2. c4 e6 3. Nc3 Nf6 4. Bg5 Bb4 5. e3 O-O 6. a3 Bxc3+ 7. bxc3 c5 8.
cxd5 Qa5 9. Ne2 Nxd5 10. Qd2 Nc6 11. e4 Nf6 12. f3 cxd4 13. cxd4 Nd7 14. Qxa5
Nxa5 15. Rb1 Re8 16. Nc3 a6 17. Bd2 Nc6 18. Be3 b5 19. Be2 Bb7 20. Kf2 Ne7 21.
Rhc1 Rac8 22. Na2 Rxc1 23. Rxc1 Rc8 24. Bf4 Rxc1 25. Nxc1 {
Rest unleserlich/unklar.} 1-0

[Event "BSenEM 2014"]
[Site "Berlin"]
[Date "2014.02.03"]
[Round "5.14"]
[White "Gremm, Albert Juergen"]
[Black "Paul, Reinhart"]
[Result "1-0"]
[WhiteElo "1718"]
[BlackElo "1873"]
[Annotator "Jaeger,André"]
[PlyCount "45"]
[EventDate "2014.01.30"]
[WhiteTeam "SC Kreuzberg e.V."]
[BlackTeam "CFC Hertha 06 e.V."]

1. d4 d5 2. Nc3 Nf6 3. Bg5 e6 4. e4 dxe4 5. Nxe4 Be7 6. Bxf6 Bxf6 7. Nf3 O-O 8.
c3 b6 9. Bd3 Bb7 10. Qc2 Nd7 11. h4 e5 12. O-O-O exd4 13. Neg5 g6 14. Nxh7 Kxh7
15. h5 Bg5+ 16. Kb1 f5 17. hxg6+ Kxg6 18. Nxd4 Nc5 19. Bxf5+ Kf6 20. Bh7 Rg8
21. Qf5+ Kg7 22. Ne6+ Kh8 23. Bxg8+ 1-0

[Event "BSenEM 2014"]
[Site "Berlin"]
[Date "2014.02.03"]
[Round "5.15"]
[White "Hoffmann, Peter"]
[Black "Fiedler, Wolfgang"]
[Result "0-1"]
[WhiteElo "1850"]
[BlackElo "1746"]
[Annotator "Jaeger,André"]
[PlyCount "113"]
[EventDate "2014.01.30"]
[WhiteTeam "BSG 1827 Eckbauer e.V."]
[BlackTeam "SV Berolina Mitte e.V."]

1. e4 Nf6 2. e5 Nd5 3. d4 d6 4. Bc4 Nb6 5. Bb3 d5 6. Nd2 Nc6 7. c3 a5 8. a4 Bf5
9. Qf3 e6 10. h4 h5 11. Ne2 Bg4 12. Qe3 Bf5 13. Ng3 Ne7 14. Nf3 Bg4 15. Bc2
Bxf3 16. Qxf3 g6 17. Bg5 Bg7 18. b3 Nd7 19. c4 Nb6 20. Rd1 Qd7 21. c5 Nbc8 22.
Rh3 b6 23. cxb6 c6 24. Qc3 Qb7 25. Qc5 Ra6 26. Bd2 Qxb6 27. Qxb6 Nxb6 28. Bd3
Ra7 29. Rc1 Bh6 30. f4 Nd7 31. Ne2 O-O 32. Rc3 Rb8 33. Ng1 Rb4 34. Nf3 Rab7 35.
Bc2 R4b6 36. Ng5 Bf8 37. Rce3 Ra7 38. Kf2 c5 39. dxc5 Nxc5 40. Rc3 Rc6 41. Be3
Rac7 42. Bd4 Nf5 43. Bxf5 exf5 44. Ke2 Ne4 45. Rxc6 Rxc6 46. Rd3 Bb4 47. Kd1
Ba3 48. Nh3 Rc1+ 49. Ke2 Bb4 50. Be3 Re1+ 51. Kf3 Rf1+ 52. Bf2 Nxf2 53. Nxf2
Bc5 54. Rd2 Bxf2 55. Ke2 Be1 56. Rxd5 Rg1 57. Rxa5 0-1

[Event "BSenEM 2014"]
[Site "Berlin"]
[Date "2014.02.03"]
[Round "5.16"]
[White "Koerner, Helmut"]
[Black "Postler, Reinhard"]
[Result "0-1"]
[WhiteElo "1715"]
[BlackElo "2138"]
[Annotator "Jaeger,André"]
[PlyCount "70"]
[EventDate "2014.01.30"]
[WhiteTeam "Sfr.Nord-Ost Berlin"]
[BlackTeam "TSG Oberschöneweide e.V."]

1. b4 Nf6 2. Bb2 e6 3. b5 d5 4. e3 c5 5. c4 Nbd7 6. Nf3 Bd6 7. Be2 O-O 8. O-O
b6 9. d3 Bb7 10. Nbd2 Re8 11. a4 Qc7 12. Qc2 Rad8 13. a5 e5 14. cxd5 Nxd5 15.
Nc4 Bf8 16. axb6 axb6 17. Ra7 Rb8 18. Rfa1 f6 19. Ne1 f5 20. Bf3 N7f6 21. Qb3
Kh8 22. g3 e4 23. Bg2 Nb4 24. dxe4 fxe4 25. Nd2 Qd6 26. Bc3 Bd5 27. Qb2 Qe6 28.
Bxb4 cxb4 29. Nc2 Bd6 30. Nd4 Qe5 31. Rc1 Bc5 32. Ra4 Rf8 33. Qb1 Ng4 34. Nxe4
Nxf2 35. Nc6 Bxc6 0-1

[Event "BSenEM 2014"]
[Site "Berlin"]
[Date "2014.02.03"]
[Round "5.17"]
[White "Hoeckendorf, Hartmut"]
[Black "Oppermann, Peter"]
[Result "1-0"]
[WhiteElo "2085"]
[BlackElo "1789"]
[Annotator "Jaeger,André"]
[PlyCount "41"]
[EventDate "2014.01.30"]
[WhiteTeam "BSG Pneumant Fürstenwalde e.V."]
[BlackTeam "SK Tempelhof 1931 e.V."]

1. e4 e6 2. d4 d5 3. Nc3 Bb4 4. Bd3 Ne7 5. Nf3 c5 6. dxc5 d4 7. Nxd4 Bxc3+ 8.
bxc3 Qa5 9. O-O Qxc3 10. Be3 O-O 11. Nb5 Qa5 12. Bf4 Na6 13. Bd6 Re8 14. e5 Bd7
15. a4 Rac8 16. Ra3 Nxc5 17. Bxh7+ Kf8 18. Qg4 Bxb5 19. Rg3 g6 20. Qh4 Kg7 21.
Qf6+ 1-0

[Event "BSenEM 2014"]
[Site "Berlin"]
[Date "2014.02.03"]
[Round "5.18"]
[White "Kollberg, Lothar"]
[Black "Hiller, Bernd"]
[Result "1-0"]
[WhiteElo "2037"]
[BlackElo "1762"]
[Annotator "Jaeger,André"]
[PlyCount "67"]
[EventDate "2014.01.30"]
[WhiteTeam "SC Rotation Pankow e.V."]
[BlackTeam "TSG Wittenberg"]

1. d4 d5 2. Nf3 Nc6 3. c4 e5 4. dxe5 d4 5. g3 Bg4 6. Bg2 Qd7 7. O-O O-O-O 8.
Qb3 h5 9. h3 Bxh3 10. e6 Bxe6 11. Ne5 Qe8 12. Nxc6 bxc6 13. Qa4 Ne7 14. Qxa7
Bxc4 15. Rd1 Bd5 16. Bf4 Rd6 17. Bxd6 cxd6 18. Rxd4 Bxg2 19. Rb4 Kd8 20. Qa5+
Kd7 21. Rb7+ Ke6 22. Kxg2 h4 23. Qg5 h3+ 24. Kh2 f6 25. Qe3+ Kf7 26. Nd2 Kg8
27. Qe6+ Kh7 28. Ne4 c5 29. Rg1 Qc6 30. Rxe7 Bxe7 31. Qxe7 Kg6 32. Nxd6 Qb6 33.
Qf7+ Kh6 34. Nf5+ 1-0

[Event "BSenEM 2014"]
[Site "Berlin"]
[Date "2014.02.03"]
[Round "5.20"]
[White "Mietzelfeldt, Gerhard"]
[Black "Grabinger, Hartmut"]
[Result "0-1"]
[WhiteElo "1688"]
[BlackElo "1897"]
[Annotator "Jaeger,André"]
[PlyCount "64"]
[EventDate "2014.01.30"]
[WhiteTeam "SG Narva Berlin e.V."]
[BlackTeam "SK Tempelhof 1931 e.V."]

1. e4 c5 2. f4 Nc6 3. Nf3 g6 4. c3 d5 5. exd5 Qxd5 6. d3 Bg7 7. Be3 e5 8. Qb3
Qd6 9. Ng5 Nh6 10. Ne4 Qc7 11. Bxc5 Nf5 12. Qa3 exf4 13. Nd6+ Kd8 14. Nxf7+
Qxf7 15. Nd2 Bf8 16. O-O-O Ne3 17. Re1 Bxc5 18. Qxc5 Qd5 19. Qxd5+ Nxd5 20. Nc4
Re8 21. Be2 Ne3 22. Nd6 Re7 23. Bf3 h5 24. Kd2 Ne5 25. Be4 g5 26. g3 Bh3 27.
gxf4 gxf4 28. Rhg1 Bg4 29. Nxb7+ Rxb7 30. Bxb7 Rb8 31. Be4 Rxb2+ 32. Kc1 Rxh2
0-1

[Event "BSenEM 2014"]
[Site "Berlin"]
[Date "2014.02.03"]
[Round "5.21"]
[White "Ahlberg, Guenter"]
[Black "Schraepel, Manfred"]
[Result "1/2-1/2"]
[WhiteElo "1893"]
[BlackElo "1757"]
[Annotator "Jaeger,André"]
[PlyCount "74"]
[EventDate "2014.01.30"]
[WhiteTeam "SG Weißensee 49 e.V."]
[BlackTeam "BSV 63 Chemie Weißensee"]

1. e4 c5 2. Nf3 Nc6 3. Bb5 d6 4. c3 a6 5. Ba4 b5 6. Bc2 e5 7. d4 Bg4 8. d5 Na5
9. Nbd2 Nf6 10. Nf1 Be7 11. h3 Bh5 12. Ng3 Bg6 13. Qe2 O-O 14. Nh4 c4 15. Nhf5
Qc7 16. O-O Bd8 17. f4 Bxf5 18. Nxf5 Nb7 19. fxe5 dxe5 20. Bg5 Ne8 21. Be3 Nbd6
22. a4 Nxf5 23. Rxf5 Rb8 24. axb5 axb5 25. Ra7 Qd6 26. Qf2 f6 27. Bc5 Bb6 28.
Bxb6 Rxb6 29. Rd7 Qxd7 30. Qxb6 Nd6 31. Rf1 Ra8 32. Qc5 Qa7 33. Qxa7 Rxa7 34.
Rb1 Ra2 35. Kf2 Kf7 36. Kf3 g6 37. g4 Ke7 {(=)} 1/2-1/2

[Event "BSenEM 2014"]
[Site "Berlin"]
[Date "2014.02.03"]
[Round "5.22"]
[White "Weigelt, Reinhard"]
[Black "Kolkwitz, Klaus"]
[Result "1-0"]
[WhiteElo "1878"]
[BlackElo "1720"]
[Annotator "Jaeger,André"]
[PlyCount "53"]
[EventDate "2014.01.30"]
[WhiteTeam "SV Berolina Mitte e.V."]
[BlackTeam "ESV 1949 Eberswalde e.V."]

1. e4 d6 2. d4 Nf6 3. Bd3 g6 4. Bg5 Bg7 5. Qd2 O-O 6. Nc3 Nc6 7. Nge2 e5 8. d5
Ne7 9. O-O-O c6 10. dxc6 bxc6 11. Bc4 Ne8 12. h4 Be6 13. Bb3 Bxb3 14. cxb3 f6
15. Be3 Qc7 16. h5 d5 17. Bc5 d4 18. Na4 Rf7 19. hxg6 Nxg6 20. Ng3 Nd6 21. Bxd6
Qxd6 22. Nf5 Qf8 23. Kb1 Ne7 24. g4 Nxf5 25. gxf5 h6 26. Rc1 Rc8 27. Nc5 1-0

[Event "BSenEM 2014"]
[Site "Berlin"]
[Date "2014.02.03"]
[Round "5.23"]
[White "Wolf, Manfred"]
[Black "Metzger, Eberhard"]
[Result "1-0"]
[WhiteElo "1862"]
[BlackElo "1704"]
[Annotator "Jaeger,André"]
[PlyCount "133"]
[EventDate "2014.01.30"]
[WhiteTeam "SV Berolina Mitte e.V."]
[BlackTeam "SV Werder/H."]

1. Nf3 d6 2. d4 g6 3. b4 a6 4. Bb2 Bg7 5. e3 Nd7 6. Be2 e6 7. O-O Ne7 8. c4 b6
9. Qc2 O-O 10. Nbd2 Bb7 11. a4 Nf6 12. c5 Nfd5 13. Ba3 a5 14. cxd6 cxd6 15.
bxa5 bxa5 16. Nc4 Nb4 17. Qd2 Nec6 {(=)} 18. Rfb1 Ba6 19. Nxa5 Bxe2 20. Nxc6
Nxc6 21. Qxe2 Rxa4 22. Qb5 Qa5 23. Qxa5 Rxa5 24. Bxd6 Rxa1 25. Rxa1 Rd8 26. Bf4
Ne7 27. Rb1 h6 28. Rb8 Rxb8 29. Bxb8 Kf8 30. Kf1 Ke8 31. Ke2 Nc6 32. Bd6 Kd7
33. Bc5 Bf6 34. Kd3 Bd8 35. Nd2 f5 36. f3 Bc7 37. h3 h5 38. Nc4 Na5 39. Nxa5
Bxa5 40. e4 Kc6 41. Kc4 Bc7 42. d5+ exd5+ 43. exd5+ Kd7 44. Bf8 Bf4 45. Kd4 Bg3
46. Bh6 Bb8 47. Bg7 Bc7 48. Be5 Bb6+ 49. Kd3 Bc5 {(=)} 50. f4 Bb6 51. Bd4 Bd8
52. Bc5 Bf6 53. Ke3 Bd8 54. Kd3 Bf6 55. Bd4 Be7 56. Kc4 g5 57. fxg5 Bxg5 58.
Be5 Be7 59. Kd4 Ba3 60. Ke3 Bc1+ 61. Kf3 Bg5 62. Bd4 Kd6 63. Be3 Bxe3 64. Kxe3
Ke5 65. d6 Kxd6 66. Kf4 Ke6 67. Kg5 1-0

[Event "BSenEM 2014"]
[Site "Berlin"]
[Date "2014.02.03"]
[Round "5.24"]
[White "Kothe, Manfred"]
[Black "Peter, Volkhard"]
[Result "1-0"]
[WhiteElo "1856"]
[BlackElo "1676"]
[Annotator "Jaeger,André"]
[PlyCount "86"]
[EventDate "2014.01.30"]
[WhiteTeam "SC Zugzwang 95 e.V."]
[BlackTeam "SC Oranienburg e.V."]

1. e4 e5 2. Nf3 Nc6 3. Nc3 Nf6 4. Bc4 Be7 5. d3 d6 6. h3 Na5 7. Be3 Nxc4 8.
dxc4 Be6 9. Qd3 c5 10. Rd1 Qb6 11. O-O Qb4 12. b3 a6 13. a4 Qa5 14. Bg5 Rd8 15.
Nh2 h6 16. Bd2 Qc7 17. f4 O-O 18. Rf3 exf4 19. Bxf4 Nh5 20. Bd2 Bf6 21. Ne2 Be5
{(=)} 22. Nf1 Qc8 23. Nfg3 Nxg3 24. Nxg3 Bd4+ 25. Kh2 Be5 26. Rdf1 h5 27. Kg1
g6 28. Bg5 Bd4+ 29. Kh2 Rd7 30. Bf6 Be5 31. Qe3 Bxf6 32. Rxf6 Re8 33. Qh6 Qc7
34. R1f3 b5 35. axb5 axb5 36. Nxh5 d5+ 37. Rg3 Qxg3+ 38. Nxg3 dxc4 39. bxc4
Bxc4 40. Qe3 Re5 41. Rc6 Bd5 42. Rxc5 b4 43. Qh6 Rh5 1-0

[Event "BSenEM 2014"]
[Site "Berlin"]
[Date "2014.02.03"]
[Round "5.25"]
[White "Prix, Siegfried"]
[Black "Baranowsky, Peter"]
[Result "0-1"]
[WhiteElo "1661"]
[BlackElo "1827"]
[Annotator "Jaeger,André"]
[PlyCount "104"]
[EventDate "2014.01.30"]
[WhiteTeam "Sfrd. Berlin 1903 e.V."]
[BlackTeam "Sfrd. Berlin 1903 e.V."]

1. e4 c5 2. c4 e6 3. Nf3 Nf6 4. Nc3 d6 5. d4 cxd4 6. Nxd4 a6 7. Be3 Nbd7 8. Be2
Qc7 9. Rc1 b6 10. O-O Bb7 11. f3 Rc8 12. a3 Be7 13. b4 Qb8 14. Qe1 O-O 15. g4
Ne5 16. g5 Nfd7 17. Na4 Nc6 18. Nb3 Ba8 19. f4 f5 20. exf5 exf5 21. Bf3 Rce8
22. Bd5+ Kh8 23. Qc3 b5 24. Nb2 bxc4 25. Nd4 Nxd4 26. Qxd4 Bxd5 27. Qxd5 Bxg5
28. Nxc4 Bf6 29. Bd4 Bxd4+ 30. Qxd4 Re4 31. Qxd6 Qa7+ 32. Kg2 Rf6 33. Qd5 Re2+
34. Kf3 Rxh2 35. Ne5 Nxe5+ 36. fxe5 Rf8 37. e6 f4 38. Rc5 Qe7 39. Qd7 Qh4 40.
e7 Rh3+ 41. Ke2 Re3+ 42. Kd2 Rxe7 43. Qf5 Ree8 44. Qb1 f3 45. Rh1 Qf2+ 46. Kc3
Re3+ 47. Kc4 Qe2+ 48. Kd5 Re5+ 49. Kd6 Rf6+ 50. Kc7 Re7+ 51. Kb8 Rf8+ 52. Rc8
Qb5+ 0-1

[Event "BSenEM 2014"]
[Site "Berlin"]
[Date "2014.02.03"]
[Round "5.26"]
[White "Plischke, Berthold"]
[Black "Engelhardt, Erhard"]
[Result "1-0"]
[WhiteElo "1813"]
[BlackElo "1674"]
[Annotator "Jaeger,André"]
[PlyCount "49"]
[EventDate "2014.01.30"]
[WhiteTeam "SV Wesel 1928 e.V."]
[BlackTeam "SSV Rotation Berlin e.V."]

1. e4 d5 2. exd5 Qxd5 3. Nc3 Qd6 4. d4 Nf6 5. Bd3 c6 6. Nge2 Bg4 7. f3 Bh5 8.
Bf4 Qd8 9. Qd2 e6 10. O-O-O Bd6 11. Bxd6 Qxd6 12. Nf4 Nbd7 13. Ne4 Qc7 14. Nxh5
Nxh5 15. Qb4 Qb6 16. Qa3 Rf8 17. Nd6+ Kd8 18. Nc4 Qc7 19. Ne5 Nhf6 20. Rhe1 Nd5
21. c4 N5b6 22. Kb1 f6 23. Nxd7 Kxd7 24. d5 cxd5 25. cxd5 1-0

[Event "BSenEM 2014"]
[Site "Berlin"]
[Date "2014.02.03"]
[Round "5.27"]
[White "Krempelsetzer, Klaus"]
[Black "Richter, Hans Peter"]
[Result "1/2-1/2"]
[WhiteElo "1624"]
[BlackElo "1914"]
[Annotator "Jaeger,André"]
[PlyCount "131"]
[EventDate "2014.01.30"]
[WhiteTeam "SG Eckturm"]
[BlackTeam "SV Königsjäger Süd-West e.V."]

1. Nf3 Nc6 2. d4 d5 3. g3 Nf6 4. Bg2 g6 5. c4 dxc4 6. Qa4 Bd7 7. Qxc4 Bg7 8.
Nc3 O-O 9. e4 b5 10. Qd3 b4 11. Ne2 Rb8 12. Be3 Ng4 13. O-O {(=)} Nxe3 14. Qxe3
Na5 15. Rac1 Bb5 16. Rfd1 Nc4 17. Qb3 Nd6 18. Qc2 Qc8 19. Ne1 c6 20. b3 a5 21.
e5 Nf5 22. Bxc6 Bh6 23. f4 Ne3 24. Qd2 Nxd1 25. Bxb5 Nc3 26. Nxc3 bxc3 27. Rxc3
Qb7 28. Bc4 e6 29. Qg2 Rfd8 30. Qxb7 Rxb7 31. Nf3 Rc7 32. a4 {(=)} Bf8 33. Rd3
h6 34. g4 Bb4 35. Kf2 Ba3 36. Rd1 Kg7 37. h3 Bb4 38. Rd3 Ba3 39. Rd1 Rcd7 40.
h4 Be7 41. Ke3 Bc5 42. Rd2 Bb6 43. g5 hxg5 44. fxg5 Rh8 45. Ke4 Kf8 46. Rd3 Ke7
47. Rd2 Rdd8 48. Rd3 Rh5 49. Rd2 Rdh8 50. Rh2 Bd8 51. Kf4 Kd7 52. Kg3 Be7 53.
Bb5+ Kc7 54. Bc4 Bb4 55. Rc2 Kd8 56. Kg4 Ke7 57. Rc1 Rd8 58. Rd1 Rc8 59. Kf4
Rhh8 60. Ke4 Rhd8 61. Ke3 Rc7 62. Ke4 Rdc8 63. Rc1 Rb8 64. Rd1 Rcb7 65. Rd3 Ba3
66. Rc3 1/2-1/2

[Event "BSenEM 2014"]
[Site "Berlin"]
[Date "2014.02.03"]
[Round "5.28"]
[White "Trefzer, Erhard"]
[Black "Krueger, Detlef"]
[Result "1-0"]
[WhiteElo "1961"]
[BlackElo "1664"]
[Annotator "Jaeger,André"]
[PlyCount "83"]
[EventDate "2014.01.30"]
[WhiteTeam "SV Besigheim"]
[BlackTeam "TSG RW Fredersdorf/Vogelsdorf"]

1. e4 e5 2. Nf3 Nc6 3. Bc4 Bc5 4. c3 Nf6 5. d3 O-O 6. Bg5 d6 7. b4 Bb6 8. a4 a5
9. b5 Na7 10. O-O c6 11. Na3 Be6 12. Rb1 Rc8 13. Bxf6 Qxf6 14. Bxe6 fxe6 15.
Nc4 Qd8 16. Qb3 Bc5 17. b6 Rf7 18. d4 exd4 19. cxd4 Bb4 20. bxa7 b5 21. axb5
cxb5 22. Ne3 Qe7 23. Qd3 Qe8 24. Rfc1 Rxc1+ 25. Rxc1 Rxa7 26. Qb3 h6 27. h3 Qg6
28. e5 Rf7 29. Rc8+ Kh7 30. Kh2 d5 31. Nc2 Bd2 32. Ne3 Bb4 33. Rc6 Qe4 34. Qc2
Be7 35. Rxe6 Qxc2 36. Nxc2 b4 37. Rb6 Bd8 38. Rb5 Rc7 39. Ne3 Rc3 40. Nxd5 Rc4
41. e6 Bc7+ 42. Nxc7 1-0